000 00523nam a2200205Ia 4500
005 20230207140522.0
008 131103s9999 xx 000 0 und d
020 _a701117532
040 _aLoreto College
041 _aEnglish
082 _a820.9
_bDAV
100 _aDavidson, Mildred
245 4 _aThe Poetry is in the pity
_cMildred Davidson
260 _aLondon
_bChatto
_c1972
300 _a160 p.
650 _aEnglish Literature
651 _aHistory and Criticism - Poetry
850 _aLCLIB
942 _cBK
999 _c7277
_d57756